LEADER 01881nam a2200229 4500 001 000000339448 003 CaOOAMICUS 005 20200213135453.0 008 200213s1786 gw a 000 u lat r 026 $ae&os i.a- m.c. alCi (3) 1786 (A) 040 $aSeMil$bita 245 00$a5: Caroli Linnaei Fundamentorum botanicorum pars prima, exhibens omnes dissertationes academicas, quae varios aphorismos philosophiae botanicae illustrare possunt. Curante Joan. Emman. Gilibert, ... Tomus 1. 264 1$aColoniae-Allobrogum :$bSumptibus Piestre & Delamolliere,$c1786. 300 $a[6], lxxv, [1], lxxvj, 604, [4] p., [5] carte di tav. ripieg. :$bill. ;$c8° 500 $aSegn.: ?? (-?4) ?A-D? E? F˛ a-d? e? f˛, A-2O? 2P? 2Q˛ ?˛ 700 11$aLinné, Carl : von,$d<1707-1778>.$0(OLS)http://semarc/name/110948 773 0 $aLinné, Carl : von <1707-1778>$tCaroli Linnaei botanicorum principis Systema plantarum Europae, exhibens characteres naturales generum, characteres essentiales generum & specierum, synonima antiquorum, phrases specificas recentiorum Halleri, Scopoli, &c. Descriptiones rariorum, nec-non floras tres novas, Lugdunaeam, Delphinalem, Lithuanicam, non omissis plantis exoticis in hortis Europae vulgo obviis. Curante Joan. Emman. Gilibert, ...$dColoniae-Allobrogum : Sumptibus Piestre & Delamolliere, 1785-1787.$g5$w()339447 850 $aSeMil 852 $aSeMil$W1$xVenegono$y1$m3XE I 9 FA$j218604$B230529$CSeMilBibl$Z2$F230529 $8I 996 $6245$a5: Caroli Linnaei Fundamentorum botanicorum pars prima, exhibens omnes dissertationes academicas, quae varios aphorismos philosophiae botanicae illustrare possunt. Curante Joan. Emman. Gilibert, ... Tomus 1$9(OLS)http://semarc/title/428250 996 $6264$aColoniae-Allobrogum :$bSumptibus Piestre & Delamolliere$9(OLS)http://semarc/publisher/58856 LEADER 00639nam a2200169 i 4500 001 000000016830 003 CaOOAMICUS 005 20180830125443.0 008 180830n it u000 u ita u 040 $aSeMil$bita 100 1 $aD'Ambra, Lucio,$d<1880-1939>.$0(OLS)http://semarc/name/5126 245 10$aTrent'anni di vita letteraria /$cLucio D'Ambra. 260 $aMilano :$bCorbaccio,$c[192?] 300 $av. ;$c19 cm. 774 0 $aD'Ambra, Lucio <1880-1939>$tViaggio a furia di remi.$g2$w()155550 996 $6245$aTrent'anni di vita letteraria$9(OLS)http://semarc/title/22265 996 $6260$aMilano :$bCorbaccio$9(OLS)http://semarc/publisher/31394